More Than This - One Direction - All Lyrics - Statistics

General Stats
  • This quiz has been taken 76 times
  • The average score is 325 of 368
Answer Stats
Answer % Correct
I
98%
more
98%
a
96%
just
96%
Ooh
96%
than
96%
then
96%
this,
96%
this
96%
you
96%
And
93%
and
93%
can
93%
Can
93%
'cause
93%
'Cause
93%
‘Cause
93%
('Cause
93%
do
93%
It
93%
love
93%
yeah
93%
Yeah,
93%
yeah)
93%
arms
91%
arms,
91%
die
91%
don't
91%
feel
91%
he
91%
I'm
91%
I’m
91%
(I'm
91%
in
91%
In
91%
inside
91%
me?
91%
me
91%
right
91%
hear
89%
his
89%
My
89%
my
89%
see
89%
the
89%
we
89%
When
89%
when
89%
are
87%
as
87%
can't
87%
close
87%
holds
87%
(Holds
87%
to
87%
won't
87%
your
87%
down,
84%
down
84%
on
84%
everything
82%
knees,
82%
lay
82%
opens
82%
pray
82%
street
82%
that
82%
tonight
82%
tonight)
82%
If
80%
it's
80%
praying
80%
same,
80%
say
80%
will
80%
But
78%
door
78%
eyes
78%
might
78%
alone
76%
lays
76%
rescue
76%
walk
76%
would
76%
Would
76%
dancing
73%
for
73%
never
73%
turn
73%
from
71%
had
71%
heart
71%
light
71%
look
71%
around
69%
body
69%
broken,
69%
broken)
69%
floor
69%
get
69%
louder,
69%
up
69%
save
67%
weak
67%
asking
64%
blinded,
64%
I’ve
64%
now
64%
shining
64%
head
62%
leave,
62%
little
62%
that's
62%
while
62%
again
60%
fails,
60%
gone
60%
stars
60%
stay
60%
turns
60%
words
60%
face
58%
above
56%
No matching quizzes found
Score Distribution
Percent of People with Each Score
Percentile by Number Answered
Your Score History
You have not taken this quiz